OSCILLATION CRITERIA FOR QUASI-LINEAR FUNCTIONAL DYNAMIC EQUATIONS ON TIME SCALES

Bibliographic Details
Main Authors: Samir H. Saker (Author), Said R. Grace (Author)
Format: Article
Language:English

MARC

LEADER 00000nab a2200000uu 4500
001 vtls011450915
003 SK-MaSNL
005 20260303151336.0
008 230222|2012 xo |||||||||||||||||eng|
015 |a SNBRB 
035 |a (urnnbn)urn:nbn:sk:snk:ar-006k64 
035 |a (uuid)39ca9e27-2aa9-497a-b637-03465d7f7235 
035 |a urn:nbn:sk:snk-abcmzu 
040 |a SNKBUCL  |b slo  |c SNKBUCL  |e AACR2 
041 0 |a eng 
044 |a xo  |c SK 
100 1 |a Samir H. Saker  |4 aut  |9 1170812 
245 1 0 |a OSCILLATION CRITERIA FOR QUASI-LINEAR FUNCTIONAL DYNAMIC EQUATIONS ON TIME SCALES  |c Samir H. Saker, Said R. Grace 
700 1 |a Said R. Grace  |4 aut  |9 1170813 
773 0 |t Mathematica Slovaca  |g Roč. 62, č. 3 (2012), s. [501]-524 
958 |a OND 
958 |a EUIPO 
958 |a article16 
999 |c 2017159  |d 2019089